| 000 | 00933nam a22002057a 4500 | ||
|---|---|---|---|
| 999 |
_c21037 _d21037 |
||
| 003 | AR-CdUCM | ||
| 008 | 190725b ||||| |||| 00| 0 spa d | ||
| 040 |
_aMUNICIPALIDAD PROVINCIAL DEL CUSCO _cBIBLIOTECA MUNICIPAL DEL CUSCO |
||
| 082 |
_25 ed. _a080 / _bN89 |
||
| 100 |
_aNueda, Luis _918234 |
||
| 245 |
_aMil libros _b(recuerdos bibliográficos) / |
||
| 260 |
_aMadrid : _bAguilar, _c1956. |
||
| 300 |
_a1423 páginas ; _c24 cm. |
||
| 505 | _aContenido : Reseñas claras y fieles del contenido de mas de un millar de volúmenes de ciencias, filosofía, religión, literatura: ensayos , novelas, teatro, etc. (414 autores; 1148 obras) Las doctrinas e hipótesis mas trascendentales en diversas materias los pensamientos mas bellos y profundos de los hombres mas eminentes de todos los tiempos. | ||
| 650 |
_aBibliografía _9729 |
||
| 650 |
_aEnsayos _9375 |
||
| 650 |
_aCiencias _98174 |
||
| 942 |
_2ddc _cLIBROS |
||
| 945 | _azta | ||